Top 10 States With The Most Disc Golf Courses - Statistics

General Stats
  • This quiz has been taken 35 times
  • The average score is 7 of 10
Answer Stats
# State % Correct
640 Texas
97%
491 California
94%
344 Illinois
77%
444 Michigan
74%
391 North Carolina
74%
330 Ohio
74%
351 Iowa
65%
399 Minnesota
65%
335 Kansas
55%
432 Wisconsin
52%
No matching quizzes found
Score Distribution
Percent of People with Each Score
Percentile by Number Answered
Your Score History
You have not taken this quiz